| 000 | 00542nam a22002057a 4500 | ||
|---|---|---|---|
| 003 | OSt | ||
| 005 | 20151104111351.0 | ||
| 008 | 130620t xxu||||| |||| 00| 0 eng d | ||
| 020 | _a9781596574151 | ||
| 020 | _a1596574151 | ||
| 050 |
_aPS 3531 _b.M884 2008 |
||
| 082 |
_aIB 428 _bM84-sab 2008 |
||
| 100 | _aMorse, Elizabeth | ||
| 245 |
_aIB english b : _cby Elizabeth Morse _bstudent activity book |
||
| 260 |
_aUSA : _bTeaching Point, _cc2008. |
||
| 300 |
_a362 pages. : _c27 cm. |
||
| 562 | _e1 | ||
| 942 |
_2lcc _cBK |
||
| 999 |
_c2951 _d2951 |
||